| 000 | 00426nam a2200169Ia 4500 | ||
|---|---|---|---|
| 003 | GCL | ||
| 008 | 140319s9999 xx 000 0 eng d | ||
| 040 |
_aGCL / _cGCL |
||
| 082 | 0 | 4 |
_a610.73 _bP B |
| 100 | 1 | _aPOTTER, PATRICIA | |
| 245 | 1 | 0 |
_aBASIC NURSING: THEORY AND PRACTICE / _cPOTTER, PATRICIA |
| 700 | 1 | _aPERRY, ANNE | |
| 260 |
_a[S.N] : _bMOSBY ، _c1995 |
||
| 300 | _a1256 P | ||
| 650 | 0 | 4 | _aNURSING |
| 942 |
_2ddc _cBK |
||
| 999 |
_c11487 _d11487 |
||